00869cam a2200205 a 4500020003300000040000800033082002600041245004400067246002400111260006100135300003400196500011300230500004500343650002000388650002600408710005100434942001000485999001700495952015100512 a9041111778 (hb : alk. paper) cDLC00a341 FAO 1999 A028 Or.00aBasic texts 1998 = textes de base 1998.31aTextes de base 1998 aThe Hague ;aBoston :bKluwer Law International,cc1999. axi, xi, 356, 356 p. ;c25 cm. aAt head of title: International Tribunal for the Law of the Sea = Tribunal international de droit de la mer. aOpposite pages bear duplicate numbering. 0aLaw of the sea. 0aInternational courts.2 aInternational Tribunal for the Law of the Sea. cAEDBB c20904d20904 0010406341_000000000000000_FAO_1999_A028_OR70992531aLBAbLBAcA028d2023-01-13o341 FAO 1999 A028 Or.pa071284r2023-01-13w2023-01-13yAEDBB